000 00693nam a22002417a 4500
008 131127b xxu||||| |||| 00| 0 eng d
020 _a0-6031-10128-7
024 _cAvailable
037 _cAvailable
040 _aMBSTU LIBRARY
_dMBSTU LIBRARY
082 _222
_a910.02 GON
100 _aGoude, Andrew.
245 _aThe nature of the environment.
250 _a2nd
260 _aChittagong.
_bBasil Blackwell.
_c1989
300 _a26 cm.
_b370 page
_f1
_g26 cm.
600 _2The Earth.
650 _2The Earth..
700 _aGoude, Andrew.
270 _aChittagong.
_bChittagong.
_dBangladesh.
942 _2ddc
_cBK
999 _c888
_d888